Statistics for All continents in 15 seconds

Click here to take the quiz!

General Stats

  • This quiz has been taken 29 times
  • The average score is 6 of 7

Answer Stats

HintAnswer% Correct
5Asia
95%
3Europe
95%
1North america
86%
4Africa
77%
2South america
77%
6Australia
64%
7Antarctica
55%

Score Distribution

Percentile by Number Answered

Percent of People with Each Score

Your Score History

You have not taken this quiz